|
|
|
|
| LEADER |
00000nab a2200000 a 4500 |
| 001 |
vtls010193733 |
| 003 |
SK-MaSNL |
| 005 |
20260303081607.0 |
| 008 |
101201c20100312xo drz 0 0slo |
| 038 |
|
|
|a KEVKJB
|
| 040 |
|
|
|a KEVKJB
|b slo
|c KEVKJB
|e AACR2
|
| 041 |
0 |
|
|a slo
|
| 044 |
|
|
|a xo
|c SK
|
| 080 |
|
|
|a 656.21
|2 2001
|
| 080 |
|
|
|a 629.43
|2 2001
|
| 245 |
0 |
0 |
|a Mesto má šancu získať 100 miliónov eur z EÚ. Na dopravu
|c [autor] (jog)
|
| 300 |
|
|
|b Fotogr.
|
| 650 |
0 |
7 |
|a integrovaný dopravný systém
|2 kevkjb
|9 770393
|
| 650 |
0 |
7 |
|a mestská hromadná doprava
|z Košice (Slovensko)
|2 kevkjb
|9 1034550
|
| 650 |
0 |
7 |
|a integrovaná doprava
|2 kevkjb
|9 1044821
|
| 651 |
|
7 |
|a Košice (Slovensko)
|2 kevkjb
|9 18694
|
| 773 |
0 |
|
|t Košický Korzár
|g Roč. XIII, č. 59 (12.3.2010), s. 2
|x 1335-4566
|
| 852 |
|
|
|a KEVKJB
|b KIS3GCP
|
| 999 |
|
|
|c 1785280
|d 1787210
|